MARC

Tag First Indicator Second Indicator Subfields
LEADER 00000cam a2200000 a 4500
001 in00001809113
005 20151026051759.0
008 911212s1989 ru a 001 0aruso
010 |a  91226510  
020 |a 5210004384 (set) 
020 |a 5210004376 (v. 1) :  |c 1.80rub 
020 |a 5210004392 (v. 2) :  |c 2.90rub 
035 |a (OCoLC)ocm22173219 
040 |a DLC  |c DLC  |d OCL  |d OCLCQ  |d TXA  |d UtOrBLW 
043 |a e-ru---  |a e-ur--- 
049 |a TXAM 
050 0 0 |a PG3447.Z39  |b Z54 19898 
090 |a PG3447.Z39  |b Z54 1989 
100 1 |a Zhikharev, S. P.  |q (Stepan Petrovich),  |d 1788-1860. 
245 1 0 |a Zapiski sovremennika /  |c S.P. Zhikharev ; [vstupitelʹnai︠a︡ statʹi︠a︡ M.A. Gordina ; kommentarii L.N. Kiselevoĭ]. 
264 1 |a Leningrad :  |b "Iskusstvo," Leningradskoe otd-nie,  |c 1989. 
300 |a 2 volumes :  |b illustrations ;  |c 21 cm. 
336 |a text  |b txt  |2 rdacontent 
337 |a unmediated  |b n  |2 rdamedia 
338 |a volume  |b nc  |2 rdacarrier 
500 |a Includes index. 
505 0 |a 1. Dnevnik studenta -- 2. Dnevnik chinovnika ; Vospominanii︠a︡ starogo teatrala. 
600 1 0 |a Zhikharev, S. P.  |q (Stepan Petrovich),  |d 1788-1860. 
650 0 |a Authors, Russian  |y 19th century  |v Biography. 
651 0 |a Russia  |x Social life and customs  |y 1533-1917. 
651 0 |a Russia  |x Intellectual life  |y 1801-1917. 
650 0 |a Theater  |z Russia  |x History  |y 19th century. 
700 1 |a Gordin, M. A. 
700 1 |a Kiseleva, L. N. 
948 |a cataloged  |b h  |c 2004/3/5  |d c  |e spoltoratski  |f 12:02:03 pm 
994 |a E0  |b TXA 
999 |a MARS 
999 f f |s 3023203f-70c2-3594-aaa1-d9da9d7bef79  |i 63170e8f-c57c-3464-b0b9-8d5cc02bf118  |t 0 
952 f f |p ric  |a Texas A&M University  |b Rellis Campus  |c Joint Library Facility  |d Remote Storage  |t 0  |e PG3447.Z39 Z54 1989  |h Library of Congress classification  |i unmediated -- volume  |k no.1  |m A14830871616 
952 f f |p ric  |a Texas A&M University  |b Rellis Campus  |c Joint Library Facility  |d Remote Storage  |t 0  |e PG3447.Z39 Z54 1989  |h Library of Congress classification  |i unmediated -- volume  |k no.2  |m A14830872222 
998 f f |a PG3447.Z39 Z54 1989  |s no.1-no.2  |t 0  |l Remote Storage